000 00562nam a2200229Ia 4500
003 OSt
005 20220918193323.0
006 a|||||r|||| 00| 0
007 ta
008 220917b |||||||| |||| 00| 0 eng d
024 _a72,633
037 _cTextual
040 _aARTS
_cARTS
_beng
041 _2eng
_aeng
082 _aR6, J3-;2
100 _aThadani N V
245 0 _aSecret of the sacred books of the Hindus
260 _c1953
650 _aINDIAN PHILOSOPHY
942 _hR6, J3-;2
_cTEXL
_2CC
999 _c198612
_d198612